000 00430 a2200121 4500
001 ART_9450
005 20260410161559.0
008 260409a
245 1 0 _aModificaciones propuestas al Código de Ética de la IFAC respecto de los Conflictos de Interés
100 1 _aSubelet, María Cecilia
700 1 _aSubelet, Carlos Javier
773 0 _tProfesional & Empresaria
_g- Año XIII, Nº 156 (sep. 2012)
_wREV70
999 _c9520
_d9520